U.S. Cities That Have a Population of Over 1 Million - Sudden Death - Statistics

General Stats
  • This quiz has been taken 20 times
  • The average score is 7 of 12
Answers on the Grid
Answers color-coded by a green-red scale on the quiz's grid according to % correct below.
Austin
Boston
Charlotte
Chicago
Columbus
Dallas
Denver
Fort Worth
Houston
Hempstead
Indianapolis
Jacksonville
Las Vegas
Los Angeles
Nashville
New York
Oklahoma City
Philadelphia
Phoenix
San Antonio
San Diego
San Francisco
San Jose
Seattle
Washington
 
Answer Stats
Answer % Correct
Chicago
82%
Los Angeles
82%
New York
82%
Philadelphia
64%
Phoenix
64%
San Diego
64%
Dallas
55%
Houston
55%
San Antonio
55%
Austin
45%
Jacksonville
36%
Fort Worth
27%
No matching quizzes found
Score Distribution
Percent of People with Each Score
Percentile by Number Answered
Your Score History
You have not taken this quiz